Click the Common Name - Chemicals - Statistics

General Stats
  • This quiz has been taken 325 times
  • The average score is 10 of 20
Answer Stats
Hint Answer % Correct
Sodium Chloride Table Salt
82%
Sodium Bicarbonate Baking Soda
81%
Mercury Quicksilver
80%
Nitrous Oxide Laughing Gas
71%
Methane Marsh Gas
67%
Iron Pyrite Fool's Gold
66%
Acetic Acid Vinegar
62%
Ascorbic Acid Vitamin C
56%
Ethylene Glycol Anti-freeze
55%
Calcium Carbonate Chalk
54%
Trichloromethane Chloroform
54%
Acetylsalicylic Acid Aspirin
46%
Deuterium Oxide Heavy Water
43%
Silicon Dioxide Quartz
43%
Potassium Carbonate Potash
40%
Sodium Hypochlorite Bleach
31%
Silicon Carbide Carborundum
29%
Potassium Nitrate Saltpeter
27%
Magnesium Silicate Asbestos
23%
Nitric Acid Aqua Fortis
20%
No matching quizzes found
Score Distribution
Percent of People with Each Score
Percentile by Number Answered
Your Score History
You have not taken this quiz